000 01653nam0a2200349 4500
001 RU\NLR\bibl\1525198
005 20260405183633.0
035 _a(NLR Aleph) 001516547
090 _a113659
_c113659
100 _a20100621d2010 |||y0rusy50 ca
101 0 _arus
_aeng
_ager
102 _aRU
105 _aa |||||||||
200 1 _a"Песнь о Гайавате"
_eиллюстрации к поэме Генри Лонгфелло
_fВ. Потяев
210 _aСанкт-Петербург
_cWelcome
_d2010
215 _a[14] с., 62 л. цв. ил.
_d20
300 _aТекст парал. на рус., англ. и нем. яз.
316 _aС автогр. авт.
_5NLR
316 _aавтограф
_5NLR:Э АлИс570/2-Л762
320 _aБиблиогр. в конце предисл.
500 1 0 _6z55702
_aПеснь о Гайавате
604 _1700#1$aЛонгфелло$gГенри Уодсуорт$bГ. У.$f1807 - 1882
_150010$a"Песнь о Гайавате"$xИллюстрации$2nlr_sh2$3RU\NLR\AUTH\661536935
_3RU\NLR\AUTH\661536935
_aЛонгфелло, Генри Уодсуорт (1807 - 1882)
_t"Песнь о Гайавате"
_xИллюстрации
_92600377
686 _aШ5(7США)52-4Лонгфелло.я6
700 1 _aПотяев
_bВ. В.
_gВадим Вячеславович
_4070
702 1 _4570
_7ca
_8rus
_aЛонгфелло
_bГ. У.
_f1807-1882
_gГенри Уодсуорт
_963140
_3RU\NLR\AUTH\7780212
801 0 _aRU
_bNLR
_c20100621
_gRCR
801 1 _aRU
_bNLR
_c20100621
830 _aавт. по ЭК
942 _cBOOK
980 _aNB